វីណិតខុសគេតែ... Vinith is different, yet... / (Record no. 1349)

MARC details
000 -LEADER
fixed length control field 02419nam a22002777a 4500
005 - DATE AND TIME OF LATEST TRANSACTION
control field 20250528095608.0
020 ## - INTERNATIONAL STANDARD BOOK NUMBER
International Standard Book Number 9789924340096
040 ## - CATALOGING SOURCE
Original cataloging agency FISKH
Language of cataloging eng
Transcribing agency FISKH
Modifying agency FISKH
082 ## - DEWEY DECIMAL CLASSIFICATION NUMBER
Classification number 371.91
100 ## - MAIN ENTRY--PERSONAL NAME
Personal name Geystelen, Judit van
245 ## - TITLE STATEMENT
Title វីណិតខុសគេតែ... Vinith is different, yet... /
Statement of responsibility, etc. គំនិតផ្ដួចផ្ដើម និង​រៀបរៀងអត្ថបទ​ Project Initiative and Text Judit van Geystelen - រូបថត Photography Ung Nita - បកប្រែពីភាសាអង់គ្លេសដោយ អ៊ូច សូលីដា Translation from English by Ouch Solida
250 ## - EDITION STATEMENT
Edition statement បោះពុម្ពលើកទី ៣ ខែមករា ឆ្នាំ ២០២១
260 ## - PUBLICATION, DISTRIBUTION, ETC.
Place of publication, distribution, etc. Phnom Penh :
Name of publisher, distributor, etc. Sipar,
Date of publication, distribution, etc. 2021.
300 ## - PHYSICAL DESCRIPTION
Extent 31 pages :
Other physical details color illustrations ;
Dimensions 19 x 25 cm
505 ## - FORMATTED CONTENTS NOTE
Formatted contents note P<br/>
520 ## - SUMMARY, ETC.
Summary, etc. វីណិតជាក្មេងប្រុសអាយុ១១ឆ្នាំ ហើយរស់នៅក្នុងប្រទេសកម្ពុជា។ គេចូលចិត្តមើលទូរទស្សន៍ និងលេងហ្គេមក្នុងទូរស័ព្ទដៃរបស់ម៉ាក់គេណាស់។ នៅពេលប្អូនឃើញវីណិត គេដូចក្មេងប្រុសៗដ៏ទៃទៀត ដែលមានអាយុស្របាលៗគេដែរ។ បុន្តែមានអ្វីមួយដែលធ្វើឳ្យវីណិតខុសគេ ។ គេរស់នោជាមួយនឹងពិការភាពហើយគេពិបាកយល់នូវអ្វីៗដែលនៅជុំវិញគេណាស់។
520 ## - SUMMARY, ETC.
Summary, etc. Vinith is 11 years old and lives in Cambodia. He likes to watch television and play games on the mobile phone of his mum! When you see Vinith he looks just like any other boy of his age. Yet, something is different about Vinith. Vinith lives with a disability, he finds it difficult to understand the world around him.
521 ## - TARGET AUDIENCE NOTE
Target audience note 600 <br/>
Source Lexile estimate
521 ## - TARGET AUDIENCE NOTE
Target audience note P
Source Raz-Plus <br/>
650 ## - SUBJECT ADDED ENTRY--TOPICAL TERM
Topical term or geographic name entry element ខុសពីគេ
Form subdivision ពិការភាព
General subdivision ពិបាក
650 ## - SUBJECT ADDED ENTRY--TOPICAL TERM
Topical term or geographic name entry element Different
Form subdivision Disability
General subdivision Difficult
700 ## - ADDED ENTRY--PERSONAL NAME
Personal name Nita, Ung
Titles and other words associated with a name illustrator
700 ## - ADDED ENTRY--PERSONAL NAME
Personal name Solida, Ouch
Titles and other words associated with a name Translator
942 ## - ADDED ENTRY ELEMENTS (KOHA)
Source of classification or shelving scheme Dewey Decimal Classification
Koha item type Books
Suppress in OPAC No
999 ## -
-- 1349
-- 1349
Holdings
Withdrawn status Lost status Source of classification or shelving scheme Damaged status Not for loan Collection Home library Current library Shelving location Date acquired Total Checkouts Full call number Barcode Date last seen Copy number Price effective from Koha item type
    Dewey Decimal Classification     Khmer-English Bilingual / ភាសាខ្មែរ-អង់គ្លេស Footprints International School Library Network Toul Kork Campus Footprints International School Library Network Toul Kork Campus TK Campus, Room B402, Khmer Book Case 16, Shelves 112-123 / ទូរសៀវភៅខ្មែរលេខ ១៦​ ធ្នើរ ១១២ ដល់ ១២៣ បន្ទប់ B402 សាខាទួលគោក 08/18/2023   GEY 371.91 2023-0296 08/18/2023 1 08/18/2023 Khmer Books
    Dewey Decimal Classification     Khmer-English Bilingual / ភាសាខ្មែរ-អង់គ្លេស Footprints International School Library Network Toul Kork Campus Footprints International School Library Network Toul Kork Campus TK Campus, Room B402, Khmer Book Case 16, Shelves 112-123 / ទូរសៀវភៅខ្មែរលេខ ១៦​ ធ្នើរ ១១២ ដល់ ១២៣ បន្ទប់ B402 សាខាទួលគោក 08/18/2023   GEY 371.91 2023-0297 08/18/2023 2 08/18/2023 Khmer Books
    Dewey Decimal Classification     Khmer-English Bilingual / ភាសាខ្មែរ-អង់គ្លេស Footprints International School Library Network Toul Tom Poung Campus Footprints International School Library Network Toul Tom Poung Campus TTP Primary Khmer Bookshelves 06/04/2024   GEY 371.91 2024-0792 06/04/2024 3 06/04/2024 Khmer Books